书目信息 |
| 题名: |
科学审美与科学创造
|
|
| 作者: | 谭清华, 著 | |
| 分册: | ||
| 出版信息: | 成都 电子科技大学出版社 2017 |
|
| 页数: | 299页 | |
| 开本: | 21cm | |
| 丛书名: | ||
| 单 册: | ||
| 中图分类: | N05 | |
| 科图分类: | ||
| 主题词: | 自然科学--zi ran ke xue--审美 | |
| 电子资源: | ||
| ISBN: | 978-7-5647-4316-1 | |
| 000 | 01123nam0 2200265 450 | |
| 001 | 012017000180 | |
| 005 | 20180111090424.52 | |
| 010 | @a978-7-5647-4316-1@b@dCNY38.00 | |
| 100 | @a20170607d2017 em y0chiy0121 ea | |
| 101 | 0 | @achi |
| 102 | @aCN@b510000 | |
| 105 | @ay a 000yy | |
| 106 | @ar | |
| 200 | 1 | @a科学审美与科学创造@Ake xue shen mei yu ke xue chuang zao@f谭清华著@g |
| 210 | @a成都@c电子科技大学出版社@d2017 | |
| 215 | @a299页@c@d21cm | |
| 314 | @a谭清华, 男, 1969年生, 江西修水人, 2006年毕业于广西大学科技哲学专业, 获哲学硕士学位。现为中共柳州市委党校基础理论教研室主任、副教授, 主要从事党的基本理论方面的教学与研究工作。近年来, 主持和参与了省级和国家级课题5个, 在《学术论坛》《广西社会科学》等学术刊物上发表论文30余篇。 | |
| 320 | @a有书目 (第292-297页) | |
| 330 | @a本书以六章篇幅, 阐述了自然科学中存在着美, 并从方法论的视角论述审美情感、审美思维、审美方法等审美因素在自然科学创造中的作用。 | |
| 606 | 0 | @a自然科学@Azi ran ke xue@x审美 |
| 690 | @aN05@v5 | |
| 701 | 0 | @a谭清华,@Atan qing hua@f1969-@4著 |
| 801 | 0 | @aCN@b湖北三新@c20170715@g |
| 905 | @aBZT@dN05@e1 | |
| 906 | @dCNY38.00@n5@r1 | |
| 科学审美与科学创造/谭清华著.-成都:电子科技大学出版社,2017 |
| 299页;21cm |
| ISBN 978-7-5647-4316-1:CNY38.00 |
| 本书以六章篇幅, 阐述了自然科学中存在着美, 并从方法论的视角论述审美情感、审美思维、审美方法等审美因素在自然科学创造中的作用。 |
| ● |
| 相关链接 |
|
|
|
正题名:科学审美与科学创造
索取号:N05/1
 
预约/预借
| 序号 | 登录号 | 条形码 | 馆藏地/架位号 | 状态 | 备注 |
| 1 | 845365 | 2000845365 | 第二书库/ [索取号:N05/1] | 在馆 | |
| 2 | 845366 | 2000845366 | 第二书库/ [索取号:N05/1] | 在馆 | |
| 3 | 845367 | 2000845367 | 第二书库/ [索取号:N05/1] | 在馆 | |
| 4 | 845368 | 2000845368 | 第二书库/ [索取号:N05/1] | 在馆 | |
| 5 | 845369 | 2000845369 | 第二书库/ [索取号:N05/1] | 在馆 |